000 00506nam a2200193Ia 4500
005 20250326144508.0
008 250326s9999 xx 000 0 und d
037 _aTextbook
040 _aFMSL
_beng
_cFMSL
041 _aeng
_2eng
084 _aX:8F P5
_qFMSL
100 _aHansen D R
_9749770
245 0 _aManagement accounting
_cHansen D R; Mowen M M
250 _a7
260 _aUS
_bUS, Cengage Learning
_c2005
365 _b433
942 _cTB
_hX:8F P5
999 _c1303923
_d1303923